[Event "It (open)"]
[Site "masterchessopen.com Regensburg (Germany)"]
[Round "3"]
[White "Meissner Steffen (GER)"]
[Black "Strobel Thomas (GER)"]
[Result "0-1"]
[WhiteElo "2015"]
[BlackElo "2111"]

1.e4 c5 2.Nf3 Nc6 3.d4 cxd4 4.Nxd4 d6 5.Nc3 Nf6 6.Bg5 e6 7.Qd2 a6 8.O-O-O h6
9.Be3 Ng4 10.f3 Nxe3 11.Qxe3 Be7 12.Kb1 Qc7 13.f4 Bd7 14.Be2 b5 15.Bf3 Rc8
16.Rd2 Na5 17.Qd3 Nc4 18.Rf2 b4 19.Nd1 Bf6 20.g4 Qb6 21.e5 dxe5 22.Nb3 exf4
23.Rg2 Ne5 24.Qd4 Qxd4 25.Nxd4 Nxf3 26.Nxf3 Bc6 {#R} 0-1

[Event "Ch Poland (team) (disctrict)"]
[Site "masterchessopen.com Slask (Poland)"]
[Round "0"]
[White "Waglorz Janusz (POL)"]
[Black "Moroz Henryk (POL)"]
[Result "1-0"]
[WhiteElo "2208"]
[BlackElo "2012"]

1.e4 c5 2.Nf3 Nc6 3.d4 cxd4 4.Nxd4 Nf6 5.Nc3 d6 6.Bg5 e6 7.Qd2 a6 8.O-O-O h6
9.Bh4 Nxe4 10.Qf4 g5 11.Qxe4 gxh4 12.Nxc6 bxc6 13.Qxc6+ Bd7 14.Qf3 Rb8 15.Bc4
Qc7 16.Bb3 Be7 17.Rhe1 Rg8 18.g3 Rb4 19.a3 Rbg4 20.Kb1 R4g5 21.Qd3 Rf5 22.f4
h5 23.Re3 Bc8 24.Rde1 Kf8 25.Nd5 Qc5 26.Nxe7 Kxe7 27.Re4 {#r} 1-0

[Event "Tournament"]
[Site "masterchessopen.com Spain"]
[Round "2"]
[White "Fernandez Romero Ernesto (ESP)"]
[Black "Rubio Doblas Fco Javier (ESP)"]
[Result "0-1"]
[WhiteElo "2479"]
[BlackElo "2040"]

1.e4 c5 2.Nf3 Nc6 3.d4 cxd4 4.Nxd4 Nf6 5.Nc3 d6 6.Bg5 e6 7.Qd2 a6 8.O-O-O Qc7
9.f4 Bd7 10.Bxf6 gxf6 11.g4 Be7 12.Rg1 Nxd4 13.Qxd4 Qc5 14.Qxc5 dxc5 15.f5 Bf8
16.Rg3 Bh6+ 17.Kb1 Bc6 18.Rgd3 Ke7 19.h4 Rhg8 20.Be2 Bf4 21.Rf1 Be5 22.Bf3
Rad8 23.Rfd1 Rxd3 24.cxd3 exf5 25.gxf5 Rg3 26.Rf1 Bxc3 27.bxc3 c4 28.d4 Rxf3
{#R} 0-1

[Event "It (open)"]
[Site "masterchessopen.com St. Cugat (Spain)"]
[Round "5"]
[White "Perpinya Rofes Lluis Maria (ESP)"]
[Black "Formanek Edward W (USA)"]
[Result "1-0"]
[WhiteElo "2290"]
[BlackElo "2350"]

1.e4 c5 2.Nf3 Nc6 3.d4 cxd4 4.Nxd4 Nf6 5.Nc3 d6 6.Bg5 e6 7.Qd2 a6 8.O-O-O h6
9.Be3 Ng4 10.Nxc6 bxc6 11.Bc5 Qg5 12.Bxd6 Bxd6 13.Qxg5 hxg5 14.Rxd6 Nxf2
15.Rg1 Rxh2 16.Rxc6 Kd7 17.Rc4 Bb7 18.Na4 Rah8 19.Nc5+ Kc6 20.Nd3+ {#r} 1-0

[Event "It (open)"]
[Site "masterchessopen.com Szekszard (Hungary)"]
[Round "6"]
[White "Aagaard Jacob (SCO)"]
[Black "Vamos Viktor (HUN)"]
[Result "1-0"]
[WhiteElo "2370"]
[BlackElo "2232"]

1.e4 c5 2.Nf3 d6 3.d4 cxd4 4.Nxd4 Nf6 5.Nc3 Nc6 6.Bg5 e6 7.Qd2 a6 8.O-O-O h6
9.Be3 Be7 10.f4 d5 11.exd5 Nxd5 12.Nxd5 Qxd5 13.Nxc6 Qxd2+ 14.Rxd2 bxc6 15.Be2
Bb7 16.Bf3 Rd8 17.Rhd1 Rxd2 18.Rxd2 Bd8 19.g3 Bc7 20.b4 e5 21.f5 g6 22.fxg6
fxg6 23.Be4 g5 24.Bc5 Rg8 25.g4 Rg7 26.Rf2 Kd7 27.Bf5+ Ke8 28.Be6 {#r} 1-0

[Event "Olympiad"]
[Site "masterchessopen.com Yerevan (Armenia)"]
[Round "7"]
[White "Kasparov Garry (RUS)"]
[Black "Hracek Zbynek (CZE)"]
[Result "1-0"]
[WhiteElo "2785"]
[BlackElo "2625"]

1.e4 c5 2.Nf3 d6 3.d4 cxd4 4.Nxd4 Nf6 5.Nc3 Nc6 6.Bg5 e6 7.Qd2 a6 8.O-O-O Nxd4
9.Qxd4 Be7 10.f4 b5 11.Bxf6 gxf6 { 11... ?f6 - Karasev - Aseev, St. Petersburg
1995 } ( 11...Bxf6 { ? } 12.e5 dxe5 13.Qe4 Bd7 14.Bxb5 { ! } 14...axb5 15.Rxd7
{ ! } 15...Qa5 16.Rb7 O-O 17.Rxb5 Qa6 18.fxe5 { +?? } ) 12.e5 { !? a novelty
12. ?d3 - Zude - Epishin, Vienna 1996 } ( 12.Bd3 Qc7 13.Qe3 Bd7 14.Qh3 b4
15.Ne2 h5 16.f5 e5 17.Ng3 a5 18.Nxh5 Kd8 { ? } ) 12...d5 ( 12...dxe5 13.Qe4
Bd7 14.Bxb5 axb5 15.Rxd7 Kxd7 16.Rd1+ Bd6 17.Nxb5 Qb8 18.Rxd6+ Ke7 19.Qb4 {
+?? } ) 13.Kb1 b4 14.Ne2 a5 15.Ng3 f5 16.Nh5 Rb8 17.g4 { ! } 17...fxg4 18.f5 {
! } 18...Rg8 ( 18...exf5 19.e6 Rg8 20.exf7+ Kxf7 21.Bg2 { ? ± } ) 19.Nf6+ { !
} 19...Bxf6 20.exf6 Qd6 ( 20...exf5 { ? } 21.Qe5+ Be6 22.Rxd5 { ! +?? } )
21.Bg2 Rg5 { ? } ( 21...Bb7 22.Rhe1 Kd7 23.fxe6+ fxe6 24.h3 { ! ? } ) 22.Bxd5
{ ! } 22...Bd7 ( 22...exd5 23.Qe3+ { +?? } ) ( 22...Qxd5 23.Qf4 { +?? } )
23.Rhe1 { ! } 23...h6 ( 23...Rxf5 24.Bxe6 Qxd4 25.Bxf5+ { +?? } ) 24.fxe6 fxe6
25.Qa7 { } {#r} 1-0

[Event "Ch Hessen"]
[Site "masterchessopen.com Bergen-Enkheim (Germany)"]
[Round "6"]
[White "Maeder Karlheinz (GER)"]
[Black "Lebermann Hellmuth (GER)"]
[Result "1-0"]
[WhiteElo "2325"]
[BlackElo "1968"]

1.e4 c5 2.Nf3 d6 3.d4 cxd4 4.Nxd4 Nf6 5.Nc3 Nc6 6.Bg5 e6 7.Qd2 a6 8.O-O-O h6
9.Be3 Be7 10.f3 Qc7 11.g4 Bd7 12.h4 Ne5 13.Kb1 Nc4 14.Bxc4 Qxc4 15.Nb3 b5
16.g5 Ng8 17.Bf4 hxg5 18.Bxd6 Qc6 19.Bxe7 Nxe7 20.hxg5 O-O-O 21.Qf4 Rhf8
22.Rd6 Qc7 23.Rhd1 Ng6 24.Qe3 Bc6 25.e5 Ne7 26.f4 Nf5 27.Qc5 Ne7 28.Qa3 Bb7
29.Nc5 {#r} 1-0

[Event "Ch Hessen"]
[Site "masterchessopen.com Bergen-Enkheim (Germany)"]
[Round "8"]
[White "Weng Annegret (GER)"]
[Black "Lebermann Hellmuth (GER)"]
[Result "1-0"]
[WhiteElo "2141"]
[BlackElo "1968"]

1.e4 c5 2.Nf3 d6 3.d4 cxd4 4.Nxd4 Nf6 5.Nc3 Nc6 6.Bg5 e6 7.Qd2 a6 8.O-O-O h6
9.Bf4 Bd7 10.Nxc6 Bxc6 11.Qe1 b5 12.e5 Nd5 13.Nxd5 Bxd5 14.Rxd5 exd5 15.Bd3
Kd7 16.Qc3 Qc7 17.Bf5+ Kd8 18.Qf3 Qc4 19.exd6 Qxa2 20.Qc3 Qc4 21.Qa5+ Ke8
22.Re1+ Be7 23.Bd7+ {#r} 1-0

[Event "It (open) \"]
[Site "masterchessopen.com Berlin (Germany)"]
[Round "1"]
[White "Levi Nisan (ISR)"]
[Black "Bigaliev Renat (RUS)"]
[Result "0-1"]
[WhiteElo "1863"]
[BlackElo "2435"]

1.e4 c5 2.Nf3 d6 3.d4 cxd4 4.Nxd4 Nf6 5.Nc3 a6 6.Bg5 Nc6 7.Qd2 e6 8.Be2 Be7
9.O-O-O Bd7 10.g4 b5 11.a3 Rc8 12.Nb3 b4 13.axb4 Nxb4 14.Be3 Rxc3 15.bxc3 Nxe4
16.Qd4 Nxc3 17.Bf3 e5 18.Qb6 Qc8 19.Bd2 Nca2+ {#R} 0-1

[Event "Ch Finland (juniors)"]
[Site "masterchessopen.com Finland"]
[Round "6"]
[White "Verkasalo Tommi (FIN)"]
[Black "Sorsa Nuutti (FIN)"]
[Result "0-1"]
[WhiteElo "2152"]
[BlackElo "2285"]

1.e4 c5 2.Nf3 d6 3.d4 cxd4 4.Nxd4 Nf6 5.Nc3 Nc6 6.Bg5 e6 7.Qd2 a6 8.O-O-O h6
9.Bh4 Nxe4 10.Qe3 Qxh4 11.Nxe4 d5 12.Nc3 Bc5 13.Nxd5 Qd8 14.Qg3 exd5 15.Qxg7
Qg5+ {#R} 0-1

[Event "It (open)"]
[Site "masterchessopen.com Harkany (Hungary)"]
[Round "1"]
[White "Suskovic Matija (CRO)"]
[Black "Varga Peter (HUN)"]
[Result "0-1"]
[WhiteElo "2205"]
[BlackElo "2395"]

1.e4 c5 2.Nf3 Nc6 3.d4 cxd4 4.Nxd4 Nf6 5.Nc3 d6 6.Bg5 e6 7.Qd2 a6 8.O-O-O h6
9.Be3 Be7 10.f3 Nxd4 11.Bxd4 e5 12.Be3 Be6 13.Kb1 Rc8 14.g4 Qa5 15.h4 Rxc3
16.Qxc3 Qxa2+ 17.Kc1 d5 18.Qxe5 O-O 19.Bd4 Rd8 20.Bc3 Bd6 21.Qxd6 Rxd6 22.e5
d4 23.exd6 dxc3 {#R} 0-1

[Event "It (open)"]
[Site "masterchessopen.com Helsinki (Finland)"]
[Round "4"]
[White "Ramazian Arshak (ARM)"]
[Black "Veingold Aleksandr (EST)"]
[Result "0-1"]
[WhiteElo "2336"]
[BlackElo "2450"]

1.e4 c5 2.Nf3 d6 3.d4 cxd4 4.Nxd4 Nf6 5.Nc3 Nc6 6.Bg5 e6 7.Qd2 a6 8.O-O-O h6
9.Bh4 Nxe4 10.Nxe4 Qxh4 11.Qe3 d5 12.Nxc6 bxc6 13.Qb6 Bd7 14.Nc5 Bxc5 15.Qxc5
a5 16.Rd3 Qe7 17.Qc3 e5 18.Rg3 O-O 19.Bd3 f5 20.Re1 e4 21.Be2 f4 22.Rg6 Kh7
23.Rxc6 Bxc6 24.Qxc6 Rfd8 25.Bg4 Qe5 {#R} 0-1

[Event "It (open)"]
[Site "masterchessopen.com Ikaria (Greece)"]
[Round "3"]
[White "Karayannis Athanasios (GRE)"]
[Black "Kotronias Vasilios (GRE)"]
[Result "0-1"]
[WhiteElo "2245"]
[BlackElo "2585"]

1.e4 c5 2.Nf3 Nc6 3.d4 cxd4 4.Nxd4 Nf6 5.Nc3 d6 6.Bg5 e6 7.Qd2 a6 8.O-O-O h6
9.Bf4 Bd7 10.Nxc6 Bxc6 11.Bxd6 Bxd6 12.Qxd6 Qxd6 13.Rxd6 Bxe4 14.f3 Bc6 15.Bc4
Ke7 16.Rd2 g5 17.Rhd1 Rac8 18.Bb3 g4 19.f4 b5 20.a3 a5 21.g3 b4 22.axb4 axb4
23.Ne2 Bf3 24.Re1 Ne4 25.Rd4 Ra8 26.Kb1 Rhd8 27.Rxd8 Rxd8 28.Kc1 Ra8 29.c3
Ra1+ {#R} 0-1

[Event "It (open)"]
[Site "masterchessopen.com Leverkusen (Germany)"]
[Round "6"]
[White "Stillger Bernhard (GER)"]
[Black "Eckert Frank (GER)"]
[Result "1-0"]
[WhiteElo "2310"]
[BlackElo "2239"]

1.e4 c5 2.Nf3 Nc6 3.d4 cxd4 4.Nxd4 Nf6 5.Nc3 d6 6.Bg5 e6 7.Qd2 a6 8.O-O-O h6
9.Bf4 d5 10.exd5 Nxd5 11.Nxd5 Qxd5 12.Nxc6 Qxd2+ 13.Rxd2 bxc6 14.g3 Be7 15.Bg2
Bb7 16.Rhd1 Rd8 17.Rxd8+ Bxd8 18.Rd6 g5 19.Be5 f6 20.Rxd8+ {#r} 1-0

[Event "Ch Hungary (juniors) (under 16)"]
[Site "masterchessopen.com Paks (Hungary)"]
[Round "4"]
[White "Toth Andras (HUN)"]
[Black "Nagy Andras (HUN)"]
[Result "1-0"]
[WhiteElo "2280"]
[BlackElo "2266"]

1.e4 c5 2.Nf3 Nc6 3.d4 cxd4 4.Nxd4 Nf6 5.Nc3 d6 6.Bg5 e6 7.Qd2 a6 8.O-O-O h6
9.Be3 Be7 10.f4 Bd7 11.Bd3 Ng4 12.Nf3 Nxe3 13.Qxe3 b5 14.Kb1 b4 15.Ne2 a5
16.e5 dxe5 17.Nxe5 Nxe5 18.fxe5 Qc7 19.Rhf1 a4 20.Qf3 O-O 21.Qe4 g6 22.Rxf7
Rxf7 23.Qxa8+ Kg7 24.Qe4 Rf5 25.g4 Bc6 26.Qc4 Rf2 27.Nd4 {#r} 1-0

[Event "It (open)"]
[Site "masterchessopen.com Pula (Croatia)"]
[Round "4"]
[White "Drei Andrea (ITA)"]
[Black "Antunovic Ivo (CRO)"]
[Result "1-0"]
[WhiteElo "2345"]
[BlackElo "2140"]

1.e4 c5 2.Nf3 d6 3.d4 cxd4 4.Nxd4 Nf6 5.Nc3 Nc6 6.Bg5 e6 7.Qd2 a6 8.O-O-O h6
9.Be3 Nxd4 10.Bxd4 b5 11.Bd3 Be7 12.f4 Bb7 13.Qe3 Rg8 14.Kb1 g5 15.e5 Nd5
16.Nxd5 Bxd5 17.f5 Rb8 18.fxe6 fxe6 19.exd6 Bxd6 20.Be4 Bf4 21.Qe2 Qe7 22.Bxd5
exd5 23.Qh5+ Kd7 24.Rhe1 Qh7 25.Qf3 Rbc8 26.Qxd5+ Kc7 27.Re3 {#r} 1-0

[Event "Ch State New York"]
[Site "masterchessopen.com Saratoga Springs (USA)"]
[Round "0"]
[White "Sarkar Justin (USA)"]
[Black "Burnett Ronald (USA)"]
[Result "1-0"]
[WhiteElo "2160"]
[BlackElo "2445"]

1.e4 c5 2.Nf3 Nc6 3.d4 cxd4 4.Nxd4 Nf6 5.Nc3 d6 6.Bg5 e6 7.Qd2 a6 8.O-O-O h6
9.Bf4 Bd7 10.Nxc6 Bxc6 11.Qe1 d5 12.exd5 Nxd5 13.Nxd5 Bxd5 14.c4 Rc8 15.Kb1
Qf6 16.Be5 Bxg2 17.Bxg2 Qf5+ 18.Be4 Qh5 19.Qd2 {#r} 1-0

[Event "It (open)"]
[Site "masterchessopen.com Tampere (Finland)"]
[Round "3"]
[White "Franssila Tommi (FIN)"]
[Black "Lehtinen Antti (FIN)"]
[Result "1-0"]
[WhiteElo "2204"]
[BlackElo "2193"]

1.e4 c5 2.Nf3 d6 3.d4 cxd4 4.Nxd4 Nf6 5.Nc3 Nc6 6.Bg5 e6 7.Qd2 a6 8.O-O-O h6
9.Be3 Be7 10.f4 Nxd4 11.Bxd4 b5 12.Bxf6 gxf6 13.a3 Qa5 14.Kb1 Rb8 15.Be2 Qb6
16.Qd4 Qxd4 17.Rxd4 Bb7 18.f5 Kd7 19.Bh5 Rhf8 20.Rd3 Rbc8 21.Rg3 Rxc3 22.bxc3
Bxe4 23.Rg7 Bxf5 24.Bxf7 Be4 25.Bh5 Rc8 26.Re1 d5 27.Kb2 e5 28.Rxe4 dxe4
29.Bg4+ {#r} 1-0

[Event "It (open)"]
[Site "masterchessopen.com Tanta (Egypt)"]
[Round "8"]
[White "Berelovich Aleksandar (GER)"]
[Black "El Gindy Essam (EGY)"]
[Result "1-0"]
[WhiteElo "2515"]
[BlackElo "2506"]

1.e4 c5 2.Nf3 e6 3.d4 cxd4 4.Nxd4 Nf6 5.Nc3 Nc6 6.Bg5 d6 7.Qd2 a6 8.O-O-O h6
9.Be3 Be7 10.f4 Nxd4 11.Bxd4 b5 12.Be2 b4 13.Na4 Nxe4 14.Qe3 Nf6 15.Bf3 Rb8
16.Ba7 Rb5 17.Bb6 Qd7 18.Nc5 dxc5 19.Rxd7 Bxd7 20.Bc7 O-O 21.Rd1 Rc8 22.Bd6
Bd8 23.Be5 Be8 24.Be2 Nd5 25.Qg3 f6 26.Bxb5 axb5 27.Bd6 Bh5 28.Rxd5 exd5
29.Qh3 Rc6 {#r} 1-0

[Event "Ch France (team) (2) 1998/99"]
[Site "masterchessopen.com France"]
[Round "3"]
[White "Jeanjean Dominique (FRA)"]
[Black "Estevez Dorothee (FRA)"]
[Result "1-0"]
[WhiteElo "2110"]
[BlackElo "1891"]

1.e4 c5 2.Nf3 d6 3.d4 cxd4 4.Nxd4 Nf6 5.Nc3 Nc6 6.Bg5 e6 7.Qd2 a6 8.O-O-O Be7
9.f4 O-O 10.Bxf6 Bxf6 11.Nxc6 bxc6 12.Qxd6 Qb6 13.Na4 Qe3+ 14.Kb1 Qxe4 15.b3
Re8 16.Bd3 Qxg2 17.Rhg1 Qf3 18.Rgf1 Qg2 19.Rd2 Rd8 20.Qxd8+ Bxd8 21.Rxg2 e5
22.Rfg1 Bf6 23.Re2 {#r} 1-0

[Event "Ch Germany (team) (w)"]
[Site "masterchessopen.com Germany"]
[Round "0"]
[White "Nuenchert Eveline (GER)"]
[Black "Lomineishvili Maia (GEO)"]
[Result "1-0"]
[WhiteElo "2210"]
[BlackElo "2350"]

1.e4 c5 2.Nf3 Nc6 3.d4 cxd4 4.Nxd4 Nf6 5.Nc3 d6 6.Bg5 e6 7.Qd2 a6 8.f3 h6
9.Be3 Be7 10.O-O-O Nxd4 11.Qxd4 b5 12.g4 e5 13.Qd2 Be6 14.Kb1 Rc8 15.Rg1 Qa5
16.g5 hxg5 17.Bxg5 Rxc3 18.Qxc3 Bxa2+ 19.Kc1 Qxc3 20.bxc3 Rxh2 21.Bxf6 gxf6
22.Kb2 Be6 23.Ra1 Bc8 24.Rg8+ Bf8 25.Bxb5+ Ke7 26.Bxa6 Bd7 27.Bc4 {#r} 1-0

[Event "It (open)"]
[Site "masterchessopen.com Gold Coast (Australia)"]
[Round "3"]
[White "Rogers Ian (AUS)"]
[Black "Duncan Christopher R (ENG)"]
[Result "1-0"]
[WhiteElo "2605"]
[BlackElo "2265"]

1.e4 c5 2.Nf3 Nc6 3.d4 cxd4 4.Nxd4 Nf6 5.Nc3 d6 6.Bg5 e6 7.Qd2 a6 8.O-O-O h6
9.Be3 Qc7 10.f4 Rb8 11.Nf3 b5 12.Bd3 Na5 13.e5 dxe5 14.fxe5 b4 15.Bd4 bxc3
16.Bxc3 Qb6 17.exf6 Ba3 18.Bb5+ {#r} 1-0

[Event "It"]
[Site "masterchessopen.com Lund (Sweden)"]
[Round "4"]
[White "Olsson Tomas (SWE)"]
[Black "Kaakinen Mika (SWE)"]
[Result "0-1"]
[WhiteElo "2008"]
[BlackElo "2140"]

1.e4 c5 2.d4 cxd4 3.Nf3 Nc6 4.Nxd4 Nf6 5.Nc3 d6 6.Bg5 e6 7.Qd2 a6 8.O-O-O h6
9.Be3 Nxd4 10.Bxd4 b5 11.f3 Qa5 12.Kb1 b4 13.Ne2 e5 14.Bf2 Be6 15.Nc1 d5
16.Nb3 Qc7 17.exd5 Nxd5 18.Bd3 Be7 19.Be4 Rd8 20.Bxd5 Rxd5 21.Qe3 Rxd1+
22.Rxd1 O-O 23.Nc5 Rc8 {#R} 0-1

[Event "Ch France (open) (a)"]
[Site "masterchessopen.com Meribel (France)"]
[Round "2"]
[White "Renault Mael (FRA)"]
[Black "Israel Gregory (FRA)"]
[Result "1-0"]
[WhiteElo "2056"]
[BlackElo "2120"]

1.e4 c5 2.Nf3 Nc6 3.d4 cxd4 4.Nxd4 Nf6 5.Nc3 d6 6.Bg5 e6 7.Qd2 a6 8.O-O-O h6
9.Bf4 Ne5 10.Nf3 Nxf3 11.gxf3 d5 12.exd5 Bb4 13.a3 Bxc3 14.Qxc3 exd5 15.Rg1
Kf8 16.Bd3 Ne8 17.Be5 f6 18.Bd4 Be6 19.Rde1 Qd7 20.Qb4+ Kg8 21.Bxf6 Nxf6
22.Rxe6 Rf8 23.Re7 {#r} 1-0

[Event "Ch France (open) (b)"]
[Site "masterchessopen.com Meribel (France)"]
[Round "8"]
[White "Leloup Emmanuel (FRA)"]
[Black "Estevez Dorothee (FRA)"]
[Result "1-0"]
[WhiteElo "2028"]
[BlackElo "1891"]

1.e4 c5 2.Nf3 d6 3.d4 cxd4 4.Nxd4 Nf6 5.Nc3 Nc6 6.Bg5 e6 7.Qd2 a6 8.O-O-O Nxd4
9.Qxd4 Be7 10.f4 O-O 11.Bd3 h6 12.Bh4 b5 13.e5 dxe5 14.Qxd8 Bxd8 15.fxe5 Nd7
16.Be4 Rb8 17.Bxd8 Rxd8 18.Rd6 Kf8 19.Rhd1 Ke7 20.Bc6 Rb6 21.Ne4 b4 22.R1d4
Nxe5 23.Rxd8 Nxc6 24.R8d6 Bb7 25.Rd7+ Ke8 26.R4d6 Rb5 27.Rxb7 {#r} 1-0

[Event "NRW-liga (juniors) 1998/99"]
[Site "masterchessopen.com NRW (Germany)"]
[Round "3"]
[White "Naiditsch Arkadij (GER)"]
[Black "De Gleria Francesco (GER)"]
[Result "1-0"]
[WhiteElo "2390"]
[BlackElo "2370"]

1.e4 c5 2.Nf3 d6 3.d4 cxd4 4.Nxd4 Nf6 5.Nc3 Nc6 6.Bg5 e6 7.Qd2 a6 8.O-O-O h6
9.Nxc6 bxc6 10.Bf4 d5 11.Qe3 Qa5 12.a3 Be7 13.Be2 O-O 14.h4 dxe4 15.Qg3 Nh5
16.Bxh5 Qxh5 17.Nxe4 c5 18.Bd6 Bxd6 19.Nf6+ {#r} 1-0

[Event "It (open)"]
[Site "masterchessopen.com Rio de Janeiro (Brazil)"]
[Round "5"]
[White "Toth Andras (HUN)"]
[Black "Sepulveda Jorge (CHI)"]
[Result "1-0"]
[WhiteElo "2330"]
[BlackElo "2204"]

1.e4 c5 2.Nf3 Nc6 3.d4 cxd4 4.Nxd4 Nf6 5.Nc3 d6 6.Bg5 e6 7.Qd2 a6 8.O-O-O h6
9.Be3 Bd7 10.f4 Be7 11.Nf3 Qc7 12.Kb1 b5 13.Bd3 O-O 14.h3 Na5 15.e5 Nd5
16.Nxd5 exd5 17.Qf2 Nc4 18.Bd4 dxe5 19.Nxe5 Be6 20.Rhe1 Bd6 21.Bxc4 dxc4 22.f5
f6 23.Bb6 Qb8 24.Nc6 Bg3 25.Nxb8 Bxf2 26.Bxf2 Raxb8 {#r} 1-0

[Event "Ch Yugoslavia (team) (1 liga)"]
[Site "masterchessopen.com Vrnjacka Banja (Serbia)"]
[Round "2"]
[White "Perunovic Milos (SRB)"]
[Black "Popovic Petar (SRB)"]
[Result "1-0"]
[WhiteElo "2260"]
[BlackElo "2510"]

1.e4 c5 2.Nf3 d6 3.d4 cxd4 4.Nxd4 Nf6 5.Nc3 Nc6 6.Bg5 e6 7.Qd2 a6 8.O-O-O Nxd4
9.Qxd4 Be7 10.f4 b5 11.Bxf6 gxf6 12.f5 Qa5 13.Kb1 Bd7 14.Bd3 Qc7 15.Ne2 Rc8
16.Qe3 Bf8 17.Ng3 Qc5 18.Qf3 e5 19.Nh5 Ke7 20.Qh3 Rg8 21.g4 a5 22.Qh4 Rg5
23.Qg3 a4 24.h4 Rxh5 25.gxh5 a3 26.Rh2 Bh6 27.Qe1 {#r} 1-0

[Event "It (open)"]
[Site "masterchessopen.com Zalakaros (Hungary)"]
[Round "0"]
[White "Feher Gyula (HUN)"]
[Black "Kovac Boris (SLO)"]
[Result "1-0"]
[WhiteElo "2445"]
[BlackElo "2270"]

1.e4 c5 2.Nf3 d6 3.d4 cxd4 4.Nxd4 Nf6 5.Nc3 Nc6 6.Bg5 e6 7.Qd2 a6 8.O-O-O Nxd4
9.Qxd4 Be7 10.f4 b5 11.Bxf6 gxf6 12.f5 Bb7 13.Be2 h5 14.Rhf1 Rc8 15.a3 Rc5
16.Kb1 Re5 17.Qd3 a5 18.fxe6 fxe6 19.Qg3 Rg5 20.Bxb5+ Kf7 21.Qxg5 {#r} 1-0

[Event "Cup Borostyan"]
[Site "masterchessopen.com Ajka (Hungary)"]
[Round "0"]
[White "Meszaros Tamas (HUN)"]
[Black "Nagy Bela (HUN)"]
[Result "1-0"]
[WhiteElo "2175"]
[BlackElo "2041"]

1.e4 c5 2.Nf3 Nc6 3.d4 cxd4 4.Nxd4 Nf6 5.Nc3 d6 6.Bg5 e6 7.Qd2 a6 8.O-O-O h6
9.Bxf6 Qxf6 10.Nb3 Qd8 11.f4 Be7 12.Kb1 b5 13.g4 Bb7 14.Bg2 O-O 15.h4 Bxh4
16.Bf3 g5 17.e5 dxe5 18.Qg2 Qb6 19.Rd6 Rac8 20.fxg5 Bxg5 21.Ne4 Kg7 22.Nxg5
hxg5 23.Qd2 Kf6 24.Rh6+ Ke7 25.Rd7+ Ke8 26.Qd6 {#r} 1-0

[Event "It (open)"]
[Site "masterchessopen.com Essen (Germany)"]
[Round "0"]
[White "Meijers Viesturs (LAT)"]
[Black "Mainka Romuald (GER)"]
[Result "1-0"]
[WhiteElo "2472"]
[BlackElo "2476"]

1.e4 c5 2.Nf3 Nc6 3.d4 cxd4 4.Nxd4 Nf6 5.Nc3 d6 6.Bg5 e6 7.Qd2 a6 8.Be2 Bd7
9.O-O h6 10.Be3 b5 11.a3 Ne5 12.h3 Qc7 13.f4 Ng6 14.f5 Ne5 15.fxe6 fxe6 16.Nf3
Be7 17.Nxe5 dxe5 18.Rf3 Bc5 19.Bxc5 Qxc5+ 20.Kh2 Qe7 21.Rg3 Rc8 22.Rf1 g5
23.Rxf6 Qxf6 24.Bh5+ Ke7 25.Rf3 Qg7 26.Qxg5+ hxg5 27.Bg6 {#r} 1-0

[Event "It (open) (juniors)"]
[Site "masterchessopen.com Hallsberg (Sweden)"]
[Round "9"]
[White "Nygren Kim (SWE)"]
[Black "Blehm Pawel (POL)"]
[Result "0-1"]
[WhiteElo "2224"]
[BlackElo "2479"]

1.e4 c5 2.Nf3 Nc6 3.d4 cxd4 4.Nxd4 Nf6 5.Nc3 d6 6.Bg5 e6 7.Qd2 a6 8.O-O-O h6
9.Be3 Be7 10.f4 Bd7 11.Be2 b5 12.Bf3 Rc8 13.g4 Na5 14.h4 Nc4 15.Qd3 b4 16.Nce2
e5 17.g5 Nxe3 18.Qxe3 exd4 19.Qxd4 Qc7 20.Rd2 hxg5 21.fxg5 Nh5 22.Bxh5 Rxh5
23.Nf4 Bxg5 {#R} 0-1

[Event "Ch Hungary (team) 1998/99"]
[Site "masterchessopen.com Hungary"]
[Round "0"]
[White "Antal Gergely (HUN)"]
[Black "Magyar Andras (HUN)"]
[Result "1-0"]
[WhiteElo "2308"]
[BlackElo "2263"]

1.e4 c5 2.Nf3 Nc6 3.d4 cxd4 4.Nxd4 Nf6 5.Nc3 d6 6.Bg5 e6 7.Qd2 a6 8.O-O-O h6
9.Bf4 Bd7 10.Bg3 Rc8 11.f3 b5 12.Nxc6 Rxc6 13.e5 b4 14.Ne4 Nd5 15.Nxd6+ Bxd6
16.exd6 Qa5 17.Qd4 O-O 18.Bc4 Rfc8 19.Bb3 Rc5 20.Kb1 Ba4 21.c4 bxc3 22.Qxa4
c2+ 23.Bxc2 Nc3+ 24.bxc3 Rb5+ 25.Kc1 Qxc3 26.d7 Qb2+ 27.Kd2 Rd5+ 28.Ke1 Qc3+
29.Ke2 {#r} 1-0

[Event "Ch Ukraine (juniors) (under 20)"]
[Site "masterchessopen.com Kharkov (Ukraine)"]
[Round "0"]
[White "Pavlov Maxim (UKR)"]
[Black "Budnikov Oleg (UKR)"]
[Result "0-1"]
[WhiteElo "2282"]
[BlackElo "2331"]

1.e4 c5 2.Nf3 d6 3.d4 cxd4 4.Nxd4 Nf6 5.Nc3 Nc6 6.Bg5 e6 7.Qd2 a6 8.O-O-O h6
9.Be3 Bd7 10.f3 b5 11.Nxc6 Bxc6 12.Qf2 Qc7 13.Kb1 Be7 14.Bd3 Nd7 15.h4 Ne5
16.g4 b4 17.Ne2 d5 18.Nd4 Bb7 19.exd5 Bxd5 20.Qg3 Qd6 21.Bf4 Rd8 22.Bb5+ axb5
23.Nxb5 Bxa2+ 24.Kc1 Nd3+ {#R} 0-1

[Event "It (open) \"]
[Site "masterchessopen.com New York (USA)"]
[Round "1"]
[White "Sena Juan (DOM)"]
[Black "Sanchez Juan (CHI)"]
[Result "1-0"]
[WhiteElo "2139"]
[BlackElo "2245"]

1.e4 c5 2.Nf3 d6 3.d4 cxd4 4.Nxd4 Nf6 5.Nc3 a6 6.Bg5 e6 7.Qd2 Nc6 8.O-O-O Be7
9.f4 h6 10.Bxf6 gxf6 11.Be2 Nxd4 12.Qxd4 b5 13.f5 exf5 14.exf5 Bxf5 15.Rhf1
Qc8 16.Bd3 Bxd3 17.Rxd3 Rg8 18.Nd5 Rg4 19.Qe3 {#r} 1-0

[Event "Ch Poland (team) (2nd liga)"]
[Site "masterchessopen.com Polanica Zdroj (Poland)"]
[Round "10"]
[White "Pinkas Karol (POL)"]
[Black "Wilk Bartlomiej (POL)"]
[Result "1-0"]
[WhiteElo "2356"]
[BlackElo "2185"]

1.e4 c5 2.Nf3 d6 3.d4 cxd4 4.Nxd4 Nf6 5.Nc3 Nc6 6.Bg5 e6 7.Qd2 a6 8.O-O-O h6
9.Be3 Be7 10.f3 Nxd4 11.Bxd4 e5 12.Be3 Be6 13.Kb1 Rc8 14.Be2 Kf8 15.g4 Qa5
16.a3 Rxc3 17.Qxc3 Qxc3 18.bxc3 d5 19.exd5 Nxd5 20.Bd2 Bxa3 21.c4 Nf6 22.Bc3
Nd7 23.Bxe5 f6 24.Bd4 Kf7 25.f4 {#r} 1-0

[Event "Ch Paulista"]
[Site "masterchessopen.com Sao Paulo (Brazil)"]
[Round "5"]
[White "Vescovi Giovanni (BRA)"]
[Black "Tsuboi Edson Kenji (BRA)"]
[Result "1-0"]
[WhiteElo "2522"]
[BlackElo "2322"]

1.e4 c5 2.Nf3 Nc6 3.d4 cxd4 4.Nxd4 Nf6 5.Nc3 d6 6.Bg5 e6 7.Qd2 a6 8.O-O-O h6
9.Bf4 Bd7 10.Nxc6 Bxc6 11.Qe1 Qa5 12.f3 Rd8 13.Bc4 Be7 14.Bb3 b5 15.e5 dxe5
16.Qxe5 O-O 17.Bxe6 Bb4 18.Bb3 Bxc3 19.bxc3 Rfe8 {#r} 1-0